Small investors could hold key to high street renaissance (Record no. 84015)

MARC details
000 -LEADER
fixed length control field 01069cab a22001935a 4500
001 - CONTROL NUMBER
control field L156441
008 - FIXED-LENGTH DATA ELEMENTS--GENERAL INFORMATION
fixed length control field 120522e2012 xxk 000 0 eng d
035 ## - SYSTEM CONTROL NUMBER
System control number (Sirsi) u156441
041 0# - LANGUAGE CODE
Language code of text/sound track or separate title eng
110 2# - MAIN ENTRY--CORPORATE NAME
Corporate name or jurisdiction name as entry element Property Week
9 (RLIN) 1549
245 00 - TITLE STATEMENT
Title Small investors could hold key to high street renaissance
260 ## - PUBLICATION, DISTRIBUTION, ETC.
Date of publication, distribution, etc. 2012
490 #0 - SERIES STATEMENT
Series statement Property Week
Volume/sequential designation 78 (20) 18 May 2012, 38(1)
520 ## - SUMMARY, ETC.
Summary, etc. The value of shops sold at retail auction was up by 1% in Q1 2012 according to the first issue of the new IPD UK Retail Auction Index. The new index will provide greater transparency on UK auction room price movements which are seen as seen as a leading indicator for the secondary market. The success of the lower-valued, auctioned shops this year contrasts with the 1.3% value drop of the more institutional high street shops. Smaller investors are the key to UK high street retail renaissance. Graph covers auctions and commercial retail values March 2003 - March 2012.
590 ## - LOCAL NOTE (RLIN)
Local note KA
651 #4 - SUBJECT ADDED ENTRY--GEOGRAPHIC NAME
Geographic name United Kingdom
690 ## - LOCAL SUBJECT ADDED ENTRY--TOPICAL TERM (OCLC, RLIN)
Topical term or geographic name as entry element Commercial property
9 (RLIN) 6227
942 ## - ADDED ENTRY ELEMENTS (KOHA)
Suppress in OPAC 0
Holdings
Withdrawn status Lost status Source of classification or shelving scheme Damaged status Not for loan Home library Current library Shelving location Date acquired Total Checkouts Full call number Barcode Date last seen Copy number Price effective from Koha item type
    Dewey Decimal Classification     London London Journal article 22/05/2012   L156441 156441-1001 06/08/2019 1 06/08/2019 Journal article